00383nam a2200145Ia 4500003000500000008004100005040001900046082000700065100002700072245005200099246002500151260003900176300000800215546001400223STCL181203s9999 xx 000 0 und d aSTCLbENcSTCL 222 aVidwan Sreedharan Unni 0aശ്രീ കമ്പരാമായണം  aSree Kamba Ramayanam bDevi Book StallaKodungallurc2014 a352 aMalayalam